三国志演義 登場人物 練習編 - Statistics

General Stats
  • This quiz has been taken 4 times
  • The average score is 35 of 60
Answer Stats
Hint Answer % Correct
1 張角の弟。妖術を使い官軍を翻弄するも劉備に討たれる。 張宝
100%
2 張角の弟。3と4の討たれる。 張梁
67%
3 後漢の左中郎将。異民族・黄巾討伐で大功を挙げる。 皇甫嵩
67%
5 劉備というSSRを募兵で当てた。黄巾後は益州に地盤を広げる 劉焉
67%
6 後漢皇帝。7らに振り回され、後に死去。 霊帝
67%
8 最後の後漢皇帝。董卓、曹操と次々に覇権を握られ、最後は魏に禅譲(簒奪)される。 献帝
67%
9 幽州に割拠した武将。白馬義従を率いて異民族を討伐。しかし袁紹に討たれる。 公孫瓚
67%
10 徐州に割拠した。劉備に徐州を譲った。 陶謙
67%
12 後漢の司徒。董卓暗殺を呂布ともくろみ成功。しかし14らに殺された。 王允
67%
13 架空の人物。12の養子で、董卓にハニトラを仕掛ける。その後は呂布の側室となる。 貂蝉
67%
14 董卓配下。董卓死後に12を討ち、宮中を牛耳る。しかし曹操に敗北。以後は没落。 李傕
67%
16 曹魏の初代皇帝。積極的な対外政策をする。しかし40歳で死亡。 曹丕
67%
17 曹魏の2代皇帝。司馬懿を用いて諸葛亮の北伐を食い止める。しかしこちらも30代で早逝。 曹叡
67%
18 涼州の出身。董卓と11に仕えたのち、曹操に仕える。凄腕の参謀であり、数々の助言をした。 賈詡
67%
21 曹操の親戚。武勇に優れ、数々の手柄を立てた。曹操から荊州の守りを任されるが諸葛亮の策に敗退。 曹仁
67%
22 曹操の親戚。曹操に養育され、可愛がられた。後に北伐阻止を任されるが諸葛亮の前に敗退。 曹真
67%
24 曹操の初代ボディーガード。「悪来」と評された。曹操からの信頼も厚かったが張繍に討たれる。 典韋
67%
25 曹操の2代ボディーガード。長らく曹操を護衛した。潼関では馬超ともほぼ対等に渡り合った。 許褚
67%
26 元は馬超に仕えていたが後に曹操に降伏。以後は関羽とも互角の戦いを見せるが関羽に討たれる。 龐徳
67%
27 名将。蜀を撃ち破り、成都に一番乗りの大功を挙げる。しかし28と34の混乱の間に殺害される。 鄧艾
67%
28 鍾繇の子。策に優れるも、司馬昭から信頼されていなかった。そして後に34と結託して乱を起こす。 鍾会
67%
31 蜀漢の2代皇帝。無能っぷりは有名であり、幼名の「阿斗」が現在中国で無能の代名詞となっている。 劉禅
67%
32 劉備に仕えた軍師。積極策を推し、対劉璋戦では劉備に付き添う。しかし落鳳坡で張任により射殺。 龐統
67%
33 韓玄を殺して劉備に仕えるも、早々に諸葛亮に裏切り者呼ばわりされる。その後的中する。 魏延
67%
34 諸葛亮の軍事面の後継者。北伐を繰り返し、蜀漢の国力を大きく疲弊させる。 姜維
67%
35 諸葛亮の内政面での後継者。北伐に慎重な姿勢を敷いた。 蒋琬
67%
36 35の後継者。内政の腕は優れているものの酒癖が悪く降将・郭循に殺される。 費禕
67%
38 馬超の親戚。武名が高く、諸葛亮に信頼され、33を殺す役目を任された。 馬岱
67%
39 南方の異民族の将。蜀漢に大規模反乱を起こす。しかし諸葛亮に心から信服し、反乱をやめた。 孟獲
67%
40 悪名高い宦官。初めは37に勢力が抑えられていたが37死後に躍進。蜀漢滅亡の要因にもなった。 黄皓
67%
42 関羽の三男。対呉戦線や北伐で活躍。しかし若くして死去。 関興
67%
43 張飛の息子。42と義兄弟の契りを結ぶ。しかしこちらも若くして死去。 張苞
67%
44 蜀漢の軍師。元は劉璋に仕えていたが失望し益州を売り渡す。策を使い夏侯淵を討ち取るなど活躍した。 法正
67%
45 劉備に仕えていたが程昱の策により曹操に仕官。以後も重役を歴任した。 徐庶
67%
46 劉繇に仕えていたが後に孫策に仕官。孫策とも対等に渡り合った。その後魏攻めの際に死亡。 太史慈
67%
47 元々黄祖に仕えていたが寝返り孫権に仕官。「一番乗り!」などの名言を生み出した。 甘寧
67%
48 47に父の凌操が殺されたことから険悪な仲であったが孫権の仲介で後に和解。活躍した。 凌統
67%
51 「苦肉の計」で有名。孫堅時代からの古参であり、水泳の達人。 黄蓋
67%
53 孫堅時代からの古参。孫堅が劉表に討たれた際も残兵を纏め上げている。 程普
67%
54 古参の臣。太刀を奮って戦う。何気に夷陵まで生きて不満を漏らしたりもしている。 韓当
67%
55 諸葛亮の兄。孫権に仕え、深く信頼された。劉備との交渉役も担うが弱腰として描かれている。 諸葛瑾
67%
57 55の息子。才知に恵まれ、名が高かった。しかし高慢なところを55も嫌っていたそう。 諸葛恪
67%
59 陸遜の息子で名将。長らく対晋の前線を任される。そのため彼死亡後に孫呉は滅亡を迎えることになる。 陸抗
67%
60 孫呉の最後の皇帝。若い頃は名君と賞賛されていたが、晩年は暴君になり孫呉の滅亡を招く。 孫皓
67%
4 後漢の右中郎将。3と同じく黄巾討伐で活躍。 朱儁
33%
7 宦官。十常侍の代表格であり、長らく宮中を牛耳った。 張譲
33%
11 群雄。董卓の残党を集めて挙兵。18の助言により曹操を何度も撃ち破る。 張繍
33%
15 五斗米道の2代目指導者。天険・漢中に地盤を持ち、劉璋や曹操を悩ませた。 張魯
33%
19 董卓暗殺を企て投獄される。しかし董卓が殺されたため出所し、曹操に召し出され参謀となる。 荀攸
33%
20 見事な采配で関羽を撃破した勇将。元々楊奉に仕えていたが曹操に寝返る。 徐晃
33%
23 曹操の親戚。曹操に可愛がられ、「千里の駒」と賞賛された。しかし石亭の敗北の恥ずかしさで死亡。 曹休
33%
29 対呉のエキスパート。敵の陸抗との信頼関係は有名。 羊祜
33%
30 呉討伐の貢献者の一人。「破竹の勢い」を生み出したのは彼。 杜預
33%
37 内政に優れてい、諸葛亮死後の蜀漢を支えた。また31に厳しく諫言をする人でもあった。 董允
33%
41 蜀漢の南方異民族対策のエキスパート。何度も異民族の反乱を鎮圧した。姜維の被害者でもある。 張嶷
33%
49 孫呉の武将。孫権の腹心を務めている。また曹仁や沙摩柯を一騎打ちで撃ち破っている。 周泰
33%
50 56と対となっていることが多い。演義では孫夫人に一喝させられる情けない役。 徐盛
33%
52 潘璋と共に関羽を捕縛。演義では夷陵で趙雲に斬られ死亡するが正史ではあと20年以上活躍している。 朱然
33%
56 孫呉の老臣。赤壁時から登場し、58一族討伐時まで生きている。武功も多く、張遼に致命傷を負わせた。 丁奉
33%
58 孫権一族。諸葛恪一族を誅して、実権を握る。暴虐であり、ツケは子の孫綝が払うことになる。 孫峻
33%
No matching quizzes found
Score Distribution
Percent of People with Each Score
Percentile by Number Answered
Your Score History
You have not taken this quiz